Steering the elephant : how Washington works /

Bibliographic Details
Other Authors: Rector, Robert, Sanera, Michael
Format: Book
Language:English
Published: New York : Universe Books, 1987.
Subjects:

MARC

Tag First Indicator Second Indicator Subfields
LEADER 00000cam a2200000 a 4500
001 in00000010529
005 20151007051403.0
008 860626s1987 nyu b 00000 eng
010 |a  86040225  
020 |a 0876634994 
035 |a (OCoLC)13861061 
035 |9 AAA2742AM 
040 |a DLC  |c DLC  |d UtOrBLW 
043 |a n-us--- 
049 |a TXAM  |c [A12629118] 
050 0 0 |a JK421  |b .S73 1987 
082 0 |a 353  |2 19 
245 0 0 |a Steering the elephant :  |b how Washington works /  |c edited by Robert Rector and Michael Sanera ; with a foreword by Aaron Wildavsky. 
264 1 |a New York :  |b Universe Books,  |c 1987. 
300 |a xxi, 356 pages ;  |c 24 cm. 
336 |a text  |b txt  |2 rdacontent 
337 |a unmediated  |b n  |2 rdamedia 
338 |a volume  |b nc  |2 rdacarrier 
504 |a Includes bibliographies. 
650 0 |a Administrative agencies  |z United States  |x Management. 
650 0 |a Bureaucracy  |z United States. 
651 0 |a United States  |x Politics and government  |y 1945-1953. 
651 0 |a United States  |x Politics and government  |y 1945-1989. 
700 1 |a Rector, Robert. 
700 1 |a Sanera, Michael. 
999 |a MARS 
999 f f |s 19b7620e-e738-3834-8414-dcd6f453e888  |i 0ad8a94c-1627-3700-8df6-58ddb19cd907  |t 0 
952 f f |p ric  |a Texas A&M University  |b Rellis Campus  |c Joint Library Facility  |d Remote Storage  |t 0  |e JK421 .S73 1987  |h Library of Congress classification  |i unmediated -- volume  |m A14812629118 
998 f f |a JK421 .S73 1987  |t 0  |l Remote Storage